Nursing practice and health care
| Format: | Book |
|---|---|
| Published: |
London :
Edward Arnold ,
1993
|
| Subjects: |
MARC
| LEADER | 00000cam a2200000 7i4500 | ||
|---|---|---|---|
| 001 | 0000008985 | ||
| 005 | 20021119093000.0 | ||
| 008 | 021119n | ||
| 020 | |a 0340557885 | ||
| 090 | 0 | 0 | |a RT62 |b .N97 1993 |
| 245 | 0 | 0 | |a Nursing practice and health care |c edited by Susan M. Hinchliff, Susan E. Norman, Jane E. Schober |
| 260 | 2 | |a London : |b Edward Arnold , |c 1993 | |
| 300 | |a 850 p. ; ; |c 25 cm. | ||
| 504 | |a Includes bibliographies references and index | ||
| 650 | 0 | |a Nursing |z Great Britain | |
| 999 | |a 1000036692 |b Book |c OPEN SHELF (30 DAYS) |e Gong Badak Campus | ||